LEADER 02240oam 2200457I 450 001 9910154564003321 005 20230808205558.0 010 $a1-315-66321-X 010 $a1-317-34543-6 024 7 $a10.4324/9781315663210 035 $a(CKB)4340000000019466 035 $a(MiAaPQ)EBC4758575 035 $a(OCoLC)973034828 035 $a(BIP)63627917 035 $a(BIP)13172165 035 $a(EXLCZ)994340000000019466 100 $a20180706e20162007 uy 0 101 0 $aeng 135 $aurcnu|||||||| 181 $2rdacontent 182 $2rdamedia 183 $2rdacarrier 200 10$aBernard L. Hyink's politics and government in California /$fDavid H. Provost 205 $aSeventeenth edition. 210 1$aAbingdon, Oxon :$cRoutledge,$d2016. 215 $a1 online resource (270 pages) $cillustrations 300 $aFirst published 2007 by Pearson Education, Incorporated. 311 08$a0-321-43608-3 320 $aIncludes bibliographical references and index. 327 $a1. The California phenomenon -- 2. The development of California politics and government -- 3. Politics into the twenty-first century -- 4. Voters, nominations, and elections -- 5. Referendum, initiative, and recall : democracy through petition -- 6. The legislature -- 7. The executive and the administration -- 8. The judiciary -- 9. Local government in California -- 10. Financing California government -- 11. Economic growth and the quality of life -- 12. Major political and social issues. 330 $aPolitics and Government in California is an even-handed, comprehensive account of the organization and function of California state and local governments.Focusing on how state and local governments can most effectively address the challenges facing California today, the Seventeenth Edition is thoroughly updated to include the most recent data and events. 607 $aCalifornia$xPolitics and government$y1951- 676 $a320.9794 700 $aProvost$b David H.$01242789 701 $aHyink$b Bernard L$01242790 801 0$bFlBoTFG 801 1$bFlBoTFG 906 $aBOOK 912 $a9910154564003321 996 $aBernard L. Hyink's politics and government in California$92882891 997 $aUNINA